[Event "Summer Prague Open 2022 - A"]
[Site "Olympik hotel, Sokolovska 138, Praha"]
[Date "2022.08.07"]
[Round "3"]
[Board "5"]
[White "Ehrlich, Roy"]
[Black "Kambrath, Yannick"]
[Result "1/2-1/2"]
[WhiteElo "2183"]
[BlackElo "2401"]
[PlyCount "0"]
[EventDate "2022.08.05"]
[EventRounds "9"]
[EventCountry "CZE"]

1. e4 {[%clk 1:30:57]} c5 {[%clk 1:23:53]} 2. Nf3 {[%clk 1:31:24]} a6
{[%clk 1:24:12]} 3. c3 {[%clk 1:31:49]} Nf6 {[%clk 1:24:28]} 4. Bd3
{[%clk 1:31:59]} e6 {[%clk 1:14:24]} 5. Bc2 {[%clk 1:32:05]} b5 {[%clk 1:13:37]}
6. d4 {[%clk 1:22:53]} Bb7 {[%clk 1:11:11]} 7. Qe2 {[%clk 1:19:19]} Be7
{[%clk 1:08:22]} 8. O-O {[%clk 1:07:49]} d6 {[%clk 0:48:45]} 9. Nbd2
{[%clk 0:49:30]} cxd4 {[%clk 0:40:31]} 10. cxd4 {[%clk 0:49:08]} Nbd7
{[%clk 0:40:32]} 11. Re1 {[%clk 0:47:25]} O-O {[%clk 0:37:19]} 12. Nf1
{[%clk 0:42:11]} Re8 {[%clk 0:36:37]} 13. Ng3 {[%clk 0:42:30]} Nb6
{[%clk 0:33:56]} 14. b3 {[%clk 0:37:18]} Rc8 {[%clk 0:33:46]} 15. Bb2
{[%clk 0:36:45]} Nbd7 {[%clk 0:28:54]} 16. Rad1 {[%clk 0:36:01]} Qb6
{[%clk 0:26:47]} 17. Bb1 {[%clk 0:33:52]} Ra8 {[%clk 0:22:41]} 18. h4
{[%clk 0:29:49]} a5 {[%clk 0:21:43]} 19. e5 {[%clk 0:27:59]} Nd5 {[%clk 0:20:50]}
20. Qe4 {[%clk 0:23:24]} Nf8 {[%clk 0:19:36]} 21. Nh5 {[%clk 0:20:23]} Ng6
{[%clk 0:16:20]} 22. Qg4 {[%clk 0:20:04]} Rac8 {[%clk 0:15:39]} 23. Rc1
{[%clk 0:13:46]} b4 {[%clk 0:14:41]} 24. Nd2 {[%clk 0:13:29]} Rxc1
{[%clk 0:11:22]} 25. Rxc1 {[%clk 0:13:16]} dxe5 {[%clk 0:08:51]} 26. Nc4
{[%clk 0:13:31]} Qd8 {[%clk 0:04:45]} 27. dxe5 {[%clk 0:13:05]} Nc3
{[%clk 0:03:56]} 28. Bxc3 {[%clk 0:12:19]} bxc3 {[%clk 0:04:25]} 29. Rxc3
{[%clk 0:12:16]} Bd5 {[%clk 0:03:57]} 30. Bxg6 {[%clk 0:05:07]} hxg6
{[%clk 0:04:00]} 31. Nf4 {[%clk 0:05:26]} Bxc4 {[%clk 0:02:54]} 32. Rxc4
{[%clk 0:05:23]} Bxh4 {[%clk 0:01:30]} 33. Nxg6 {[%clk 0:04:18]} Bxf2+
{[%clk 0:01:03]} 34. Kxf2 {[%clk 0:04:40]} fxg6 {[%clk 0:01:17]} 35. Kg1
{[%clk 0:01:44]} Qd2 {[%clk 0:01:00]} 36. Qxg6 {[%clk 0:00:49]} Qe1+
{[%clk 0:01:29]} 37. Kh2 {[%clk 0:01:18]} Qxe5+ {[%clk 0:01:49]} 38. Qg3
{[%clk 0:01:15]} Qf6 {[%clk 0:00:34]} 39. Rc5 {[%clk 0:00:35]} e5
{[%clk 0:00:36]} 40. Rxa5 {[%clk 0:00:35]} e4 {[%clk 0:00:50]} 41. Rd5
{[%clk 0:14:56]} e3 {[%clk 0:23:44]} 42. Rd1 {[%clk 0:14:15]} Qf5
{[%clk 0:07:50]} 43. Qf3 {[%clk 0:12:34]} Qe5+ {[%clk 0:07:25]} 44. Kg1
{[%clk 0:12:17]} Rf8 {[%clk 0:02:52]} 45. Qe2 {[%clk 0:11:53]} Rf4
{[%clk 0:02:05]} 46. Rd3 {[%clk 0:09:19]} Qa1+ {[%clk 0:01:24]} 47. Qd1
{[%clk 0:06:57]} Qe5 {[%clk 0:01:16]} 48. Qe2 {[%clk 0:06:10]} Qa1+
{[%clk 0:01:13]} 49. Qd1 {[%clk 0:05:08]} Qe5 {[%clk 0:01:21]} 50. Qe2
{[%clk 0:05:26]} Qa1+ {[%clk 0:00:41]}  1/2-1/2

[Event "Summer Prague Open 2022 - A"]
[Site "Olympik hotel, Sokolovska 138, Praha"]
[Date "2022.08.07"]
[Round "3"]
[Board "6"]
[White "Demeter, Dorina"]
[Black "Hollan, Martin"]
[Result "1/2-1/2"]
[WhiteElo "2180"]
[BlackElo "2381"]
[PlyCount "0"]
[EventDate "2022.08.05"]
[EventRounds "9"]
[EventCountry "CZE"]

1. Nf3 {[%clk 1:30:34]} e6 {[%clk 1:28:27]} 2. c4 {[%clk 1:30:00]} f5
{[%clk 1:28:51]} 3. Nc3 {[%clk 1:26:55]} Nf6 {[%clk 1:29:13]} 4. g3
{[%clk 1:26:32]} d5 {[%clk 1:29:24]} 5. d4 {[%clk 1:22:58]} c6 {[%clk 1:28:40]}
6. Bg2 {[%clk 1:23:18]} Bd6 {[%clk 1:29:02]} 7. O-O {[%clk 1:16:53]} O-O
{[%clk 1:28:27]} 8. Qc2 {[%clk 1:10:38]} Ne4 {[%clk 1:28:48]} 9. Ne5
{[%clk 1:07:37]} Nd7 {[%clk 1:25:59]} 10. Bf4 {[%clk 0:56:37]} Bxe5
{[%clk 1:22:22]} 11. Bxe5 {[%clk 0:49:12]} Nxe5 {[%clk 1:22:38]} 12. dxe5
{[%clk 0:49:40]} Nxc3 {[%clk 1:04:52]} 13. Qxc3 {[%clk 0:48:23]} a5
{[%clk 1:01:39]} 14. f4 {[%clk 0:30:34]} Qb6+ {[%clk 0:49:55]} 15. c5
{[%clk 0:29:52]} Qa6 {[%clk 0:44:16]} 16. Bf3 {[%clk 0:27:35]} b6
{[%clk 0:44:13]} 17. Rfc1 {[%clk 0:24:28]} Bd7 {[%clk 0:43:46]} 18. Rc2
{[%clk 0:12:00]} Rfb8 {[%clk 0:32:06]} 19. Rac1 {[%clk 0:11:55]} Qb5
{[%clk 0:26:30]} 20. Kf2 {[%clk 0:07:57]} Qxc5+ {[%clk 0:21:01]} 21. Qxc5
{[%clk 0:07:33]} bxc5 {[%clk 0:20:03]} 22. b3 {[%clk 0:05:12]} a4
{[%clk 0:20:02]} 23. Rxc5 {[%clk 0:04:07]} axb3 {[%clk 0:20:15]} 24. axb3
{[%clk 0:04:32]} Rxb3 {[%clk 0:18:52]} 25. g4 {[%clk 0:01:47]} fxg4
{[%clk 0:14:01]} 26. Bxg4 {[%clk 0:02:16]} Rf8 {[%clk 0:13:18]} 27. e3
{[%clk 0:01:04]} g5 {[%clk 0:11:12]} 28. Rxc6 {[%clk 0:00:42]} Bxc6
{[%clk 0:11:21]} 29. Bxe6+ {[%clk 0:00:58]} Kh8 {[%clk 0:11:36]} 30. Rxc6
{[%clk 0:01:07]} gxf4 {[%clk 0:11:59]} 31. exf4 {[%clk 0:01:05]} Rxf4+
{[%clk 0:11:28]} 32. Kg2 {[%clk 0:01:06]} Rc4 {[%clk 0:02:20]} 33. Rxc4
{[%clk 0:00:48]} dxc4 {[%clk 0:02:45]} 34. Bxc4 {[%clk 0:01:13]} Rb4
{[%clk 0:00:49]} 35. Bf7 {[%clk 0:00:39]} Kg7 {[%clk 0:01:07]} 36. e6
{[%clk 0:01:00]} Kf6 {[%clk 0:01:13]} 37. Kg3 {[%clk 0:01:01]} h6
{[%clk 0:00:37]} 38. Kf3 {[%clk 0:00:47]} Ra4 {[%clk 0:00:32]} 39. Kg3
{[%clk 0:01:10]} Ra1 {[%clk 0:00:35]} 40. Kf4 {[%clk 0:00:33]} Rg1
{[%clk 0:00:47]} 41. Kf3 {[%clk 0:00:44]} Rg5 {[%clk 0:25:47]} 42. h4
{[%clk 0:28:39]} Rf5+ {[%clk 0:24:12]} 43. Kg4 {[%clk 0:28:26]} Ra5
{[%clk 0:21:25]} 44. h5 {[%clk 0:22:55]} Ra4+ {[%clk 0:16:18]} 45. Kf3
{[%clk 0:22:54]} Rb4 {[%clk 0:15:05]} 46. Kg3 {[%clk 0:22:38]} Re4
{[%clk 0:14:56]} 47. Kf3 {[%clk 0:22:56]} Rh4 {[%clk 0:14:47]} 48. Kg3
{[%clk 0:22:58]} Rxh5 {[%clk 0:14:18]} 49. Bxh5 {[%clk 0:23:17]} Kxe6
{[%clk 0:14:45]} 50. Bd1 {[%clk 0:23:23]} h5 {[%clk 0:15:11]} 51. Bxh5
{[%clk 0:23:48]}  1/2-1/2

[Event "Summer Prague Open 2022 - A"]
[Site "Olympik hotel, Sokolovska 138, Praha"]
[Date "2022.08.07"]
[Round "3"]
[Board "13"]
[White "Gorkiewicz, Mateusz"]
[Black "Nemeth, Zalan"]
[Result "1/2-1/2"]
[WhiteElo "1988"]
[BlackElo "2245"]
[PlyCount "0"]
[EventDate "2022.08.05"]
[EventRounds "9"]
[EventCountry "CZE"]

1. e4 {[%clk 1:30:57]} c5 {[%clk 1:24:31]} 2. Nf3 {[%clk 1:31:12]} e6
{[%clk 1:24:57]} 3. d4 {[%clk 1:31:36]} cxd4 {[%clk 1:25:24]} 4. Nxd4
{[%clk 1:31:58]} Nc6 {[%clk 1:25:51]} 5. Nc3 {[%clk 1:32:08]} Qc7
{[%clk 1:23:20]} 6. Nb3 {[%clk 1:32:08]} a6 {[%clk 1:23:25]} 7. Bd3
{[%clk 1:32:20]} Nf6 {[%clk 1:22:07]} 8. O-O {[%clk 1:32:28]} b5 {[%clk 1:22:26]}
9. f4 {[%clk 1:32:39]} d6 {[%clk 1:22:39]} 10. Qf3 {[%clk 1:32:48]} Bb7
{[%clk 1:22:25]} 11. Bd2 {[%clk 1:32:52]} g6 {[%clk 1:20:31]} 12. Qh3
{[%clk 1:21:56]} Bg7 {[%clk 1:20:27]} 13. f5 {[%clk 1:19:32]} Ne5
{[%clk 1:08:34]} 14. fxe6 {[%clk 1:14:53]} O-O {[%clk 1:07:28]} 15. Bg5
{[%clk 1:06:45]} Neg4 {[%clk 0:52:51]} 16. Qh4 {[%clk 0:47:22]} b4
{[%clk 0:39:10]} 17. Nd5 {[%clk 0:41:29]} Nxd5 {[%clk 0:36:45]} 18. Qxg4
{[%clk 0:36:07]} f6 {[%clk 0:35:53]} 19. exd5 {[%clk 0:30:03]} fxg5
{[%clk 0:33:20]} 20. Qxg5 {[%clk 0:30:16]} Bxb2 {[%clk 0:24:32]} 21. e7
{[%clk 0:20:47]} Rxf1+ {[%clk 0:24:45]} 22. Rxf1 {[%clk 0:21:08]} Bg7
{[%clk 0:24:31]} 23. h4 {[%clk 0:19:06]} Re8 {[%clk 0:24:29]} 24. Re1
{[%clk 0:18:19]} Bc8 {[%clk 0:22:55]} 25. h5 {[%clk 0:17:38]} Qc3
{[%clk 0:20:40]} 26. Qg3 {[%clk 0:11:08]} Bf5 {[%clk 0:12:20]} 27. hxg6
{[%clk 0:09:34]} hxg6 {[%clk 0:09:17]} 28. Re3 {[%clk 0:08:27]} Bh6
{[%clk 0:04:35]} 29. Rf3 {[%clk 0:07:13]} Bxd3 {[%clk 0:04:00]} 30. cxd3
{[%clk 0:05:04]} Qg7 {[%clk 0:01:43]} 31. Qxd6 {[%clk 0:05:13]} Rxe7
{[%clk 0:02:06]} 32. Qb8+ {[%clk 0:03:34]} Kh7 {[%clk 0:02:29]} 33. Qxb4
{[%clk 0:02:47]} Qe5 {[%clk 0:01:51]} 34. d6 {[%clk 0:01:02]} Rd7
{[%clk 0:01:56]} 35. Qd4 {[%clk 0:00:42]} Qxd4+ {[%clk 0:01:16]} 36. Nxd4
{[%clk 0:01:08]} Rxd6 {[%clk 0:01:44]} 37. Nb3 {[%clk 0:01:17]} Kg7
{[%clk 0:01:17]} 38. d4 {[%clk 0:00:49]} Bg5 {[%clk 0:00:45]} 39. Kf2
{[%clk 0:00:53]} Rb6 {[%clk 0:00:33]} 40. Ke2 {[%clk 0:00:35]} a5
{[%clk 0:00:35]} 41. Kd3 {[%clk 0:29:52]} Bf6 {[%clk 0:26:06]} 42. d5
{[%clk 0:21:51]} Rb4 {[%clk 0:20:46]} 43. Nxa5 {[%clk 0:17:03]} Rd4+
{[%clk 0:20:59]} 44. Kc2 {[%clk 0:17:12]} Ra4 {[%clk 0:21:22]} 45. Nb3
{[%clk 0:15:55]} Rxa2+ {[%clk 0:21:46]} 46. Kd3 {[%clk 0:16:14]} Rxg2
{[%clk 0:22:12]} 47. d6 {[%clk 0:16:12]} Rg5 {[%clk 0:19:40]}  1/2-1/2

[Event "Summer Prague Open 2022 - A"]
[Site "Olympik hotel, Sokolovska 138, Praha"]
[Date "2022.08.07"]
[Round "3"]
[Board "14"]
[White "Fiskaaen, Martin Holten"]
[Black "Polster, Christian"]
[Result "1/2-1/2"]
[WhiteElo "1950"]
[BlackElo "2236"]
[PlyCount "0"]
[EventDate "2022.08.05"]
[EventRounds "9"]
[EventCountry "CZE"]

1. d4 {[%clk 1:30:54]} Nf6 {[%clk 1:30:30]} 2. c4 {[%clk 1:31:13]} e6
{[%clk 1:30:53]} 3. Nf3 {[%clk 1:31:33]} d5 {[%clk 1:31:06]} 4. Nc3
{[%clk 1:31:54]} Nbd7 {[%clk 1:31:19]} 5. Bf4 {[%clk 1:31:16]} dxc4
{[%clk 1:30:59]} 6. e3 {[%clk 1:31:32]} Nd5 {[%clk 1:30:47]} 7. Bxc4
{[%clk 1:28:18]} Nxf4 {[%clk 1:29:03]} 8. exf4 {[%clk 1:28:36]} Nb6
{[%clk 1:29:22]} 9. Bb3 {[%clk 1:18:26]} g6 {[%clk 1:29:34]} 10. O-O
{[%clk 1:17:12]} Bg7 {[%clk 1:29:51]} 11. Qe2 {[%clk 1:03:34]} O-O
{[%clk 1:28:53]} 12. g3 {[%clk 1:01:10]} a5 {[%clk 1:28:23]} 13. a3
{[%clk 0:58:12]} a4 {[%clk 1:27:42]} 14. Ba2 {[%clk 0:58:06]} Bd7
{[%clk 1:27:24]} 15. Ne5 {[%clk 0:56:15]} Bc6 {[%clk 1:20:20]} 16. Nxc6
{[%clk 0:44:22]} bxc6 {[%clk 1:20:40]} 17. Rfd1 {[%clk 0:44:42]} Qb8
{[%clk 1:01:47]} 18. Ne4 {[%clk 0:40:52]} Rd8 {[%clk 0:59:44]} 19. Ng5
{[%clk 0:38:08]} Nd5 {[%clk 0:57:20]} 20. Rac1 {[%clk 0:34:48]} Qb6
{[%clk 0:50:30]} 21. Nf3 {[%clk 0:32:40]} Ra5 {[%clk 0:31:44]} 22. Ne5
{[%clk 0:29:40]} Rb5 {[%clk 0:28:43]} 23. Rc2 {[%clk 0:29:37]} Bxe5
{[%clk 0:19:06]} 24. dxe5 {[%clk 0:29:04]} Rb8 {[%clk 0:18:20]} 25. Rdd2
{[%clk 0:29:00]} Rc5 {[%clk 0:16:56]} 26. Rxc5 {[%clk 0:19:47]} Qxc5
{[%clk 0:16:56]} 27. Rc2 {[%clk 0:19:42]} Qd4 {[%clk 0:16:03]} 28. Qd2
{[%clk 0:18:46]} Qxd2 {[%clk 0:13:28]} 29. Rxd2 {[%clk 0:19:15]} Kf8
{[%clk 0:13:29]} 30. Kf1 {[%clk 0:15:00]} Ke7 {[%clk 0:11:55]} 31. Ke2
{[%clk 0:15:05]} Kd7 {[%clk 0:10:49]} 32. Kd1 {[%clk 0:13:23]} Rb5
{[%clk 0:09:33]} 33. Bc4 {[%clk 0:04:06]} Rc5 {[%clk 0:08:14]} 34. Bd3
{[%clk 0:04:00]} Ra5 {[%clk 0:06:47]} 35. Bc2 {[%clk 0:03:30]} c5
{[%clk 0:06:25]} 36. Re2 {[%clk 0:02:26]} Kc6 {[%clk 0:06:32]} 37. Re4
{[%clk 0:02:10]} Nb6 {[%clk 0:06:33]} 38. Kd2 {[%clk 0:01:46]} Ra8
{[%clk 0:03:55]} 39. h4 {[%clk 0:00:56]} Kb5 {[%clk 0:02:34]} 40. Bd3+
{[%clk 0:00:42]} c4 {[%clk 0:02:36]} 41. Be2 {[%clk 0:11:02]} Rd8+
{[%clk 0:28:35]} 42. Kc3 {[%clk 0:10:47]} Nd5+ {[%clk 0:22:47]} 43. Kc2
{[%clk 0:11:06]} Nb6 {[%clk 0:22:59]} 44. Kc3 {[%clk 0:11:10]} c5
{[%clk 0:13:03]} 45. Bxc4+ {[%clk 0:06:52]} Nxc4 {[%clk 0:13:19]} 46. Rxc4
{[%clk 0:07:15]} Rd1 {[%clk 0:12:54]} 47. Re4 {[%clk 0:07:19]} Rc1+
{[%clk 0:12:46]} 48. Kd2 {[%clk 0:06:48]} Rf1 {[%clk 0:12:26]} 49. Re2
{[%clk 0:07:00]} Kc4 {[%clk 0:12:39]} 50. Kc2 {[%clk 0:06:53]} h5
{[%clk 0:03:52]} 51. Rd2 {[%clk 0:05:07]} Re1 {[%clk 0:03:04]} 52. Rd7
{[%clk 0:02:37]} Re2+ {[%clk 0:03:15]} 53. Kc1 {[%clk 0:02:31]} Kb3
{[%clk 0:00:55]} 54. Rxf7 {[%clk 0:01:56]} Rc2+ {[%clk 0:01:04]} 55. Kd1
{[%clk 0:02:07]} Kxb2 {[%clk 0:00:45]} 56. Rf6 {[%clk 0:01:17]} Rc4
{[%clk 0:00:38]} 57. Rxg6 {[%clk 0:00:49]} Rd4+ {[%clk 0:00:57]} 58. Ke2
{[%clk 0:01:11]} c4 {[%clk 0:01:11]} 59. Rxe6 {[%clk 0:01:08]} c3
{[%clk 0:01:18]} 60. Rb6+ {[%clk 0:00:50]} Kxa3 {[%clk 0:01:36]} 61. f5
{[%clk 0:00:42]} Re4+ {[%clk 0:00:35]} 62. Kd3 {[%clk 0:00:58]} Rxe5
{[%clk 0:00:40]} 63. f6 {[%clk 0:00:49]} c2 {[%clk 0:00:40]} 64. Kxc2
{[%clk 0:00:51]} Re2+ {[%clk 0:01:03]} 65. Kc3 {[%clk 0:00:39]} Rxf2
{[%clk 0:01:26]} 66. Rb5 {[%clk 0:00:50]} Rxf6 {[%clk 0:00:42]} 67. Rxh5
{[%clk 0:01:12]} Rf3+ {[%clk 0:01:07]} 68. Kc2 {[%clk 0:00:57]} Rxg3
{[%clk 0:01:29]} 69. Ra5 {[%clk 0:00:42]} Rh3 {[%clk 0:01:33]} 70. h5
{[%clk 0:00:52]} Kb4 {[%clk 0:01:15]} 71. Ra8 {[%clk 0:01:16]} Rh2+
{[%clk 0:00:38]} 72. Kb1 {[%clk 0:01:11]} Rxh5 {[%clk 0:00:43]} 73. Rg8
{[%clk 0:01:11]} Rh1+ {[%clk 0:00:53]} 74. Ka2 {[%clk 0:01:32]} Rh2+
{[%clk 0:01:16]} 75. Ka1 {[%clk 0:01:54]} Rh3 {[%clk 0:01:30]} 76. Rg1
{[%clk 0:02:10]} Kb3 {[%clk 0:01:52]} 77. Rf1 {[%clk 0:02:19]} Rg3
{[%clk 0:01:41]} 78. Rh1 {[%clk 0:02:44]} Rc3 {[%clk 0:01:56]} 79. Rg1
{[%clk 0:03:06]} a3 {[%clk 0:02:06]} 80. Rh1 {[%clk 0:03:30]} a2 {[%clk 0:02:09]}
81. Rg1 {[%clk 0:03:46]} Rc8 {[%clk 0:02:07]} 82. Rg3+ {[%clk 0:04:08]} Kc2
{[%clk 0:02:24]} 83. Kxa2 {[%clk 0:04:02]} Ra8+ {[%clk 0:02:44]} 84. Ra3
{[%clk 0:04:28]} Rxa3+ {[%clk 0:03:09]} 85. Kxa3 {[%clk 0:04:56]}  1/2-1/2

[Event "Summer Prague Open 2022 - A"]
[Site "Olympik hotel, Sokolovska 138, Praha"]
[Date "2022.08.07"]
[Round "3"]
[Board "15"]
[White "Navaratnam, Ishaan Quan Tze"]
[Black "Mirimanian, Hayk"]
[Result "0-1"]
[WhiteElo "1597"]
[BlackElo "2228"]
[PlyCount "0"]
[EventDate "2022.08.05"]
[EventRounds "9"]
[EventCountry "CZE"]

1. e4 {[%clk 1:30:53]} c5 {[%clk 1:25:25]} 2. Nf3 {[%clk 1:30:50]} e6
{[%clk 1:25:47]} 3. d4 {[%clk 1:31:11]} cxd4 {[%clk 1:26:04]} 4. Nxd4
{[%clk 1:31:28]} a6 {[%clk 1:26:11]} 5. Nc3 {[%clk 1:31:27]} Qc7 {[%clk 1:26:23]}
6. Bd3 {[%clk 1:27:51]} Nf6 {[%clk 1:21:54]} 7. f4 {[%clk 1:26:45]} d6
{[%clk 1:13:02]} 8. Qe2 {[%clk 1:24:15]} Nbd7 {[%clk 1:11:49]} 9. g4
{[%clk 1:18:15]} e5 {[%clk 1:05:25]} 10. Nf5 {[%clk 1:14:14]} g6 {[%clk 0:49:39]}
11. Ne3 {[%clk 1:09:44]} exf4 {[%clk 0:41:41]} 12. Ned5 {[%clk 1:09:35]} Nxd5
{[%clk 0:36:06]} 13. Nxd5 {[%clk 1:09:24]} Qc6 {[%clk 0:23:32]} 14. Bxf4
{[%clk 1:08:09]} Bg7 {[%clk 0:23:25]} 15. O-O-O {[%clk 1:07:14]} Ne5
{[%clk 0:23:29]} 16. Bxe5 {[%clk 1:01:56]} Bxe5 {[%clk 0:23:37]} 17. Rhf1
{[%clk 0:57:16]} Be6 {[%clk 0:21:28]} 18. Bc4 {[%clk 0:43:43]} h5
{[%clk 0:10:10]} 19. g5 {[%clk 0:32:52]} Rc8 {[%clk 0:02:59]} 20. Bb3
{[%clk 0:32:48]} Qc5 {[%clk 0:03:28]} 21. Nf6+ {[%clk 0:29:45]} Bxf6
{[%clk 0:01:31]} 22. Rxf6 {[%clk 0:29:49]} Qxg5+ {[%clk 0:01:47]}  0-1

[Event "Summer Prague Open 2022 - A"]
[Site "Olympik hotel, Sokolovska 138, Praha"]
[Date "2022.08.07"]
[Round "3"]
[Board "16"]
[White "Bruchmann, Stephan"]
[Black "Koestner, Laurin"]
[Result "1-0"]
[WhiteElo "2227"]
[BlackElo "1676"]
[PlyCount "0"]
[EventDate "2022.08.05"]
[EventRounds "9"]
[EventCountry "CZE"]

1. e4 {[%clk 1:30:56]} c5 {[%clk 1:30:50]} 2. Nf3 {[%clk 1:30:27]} d6
{[%clk 1:31:11]} 3. Bb5+ {[%clk 1:28:41]} Bd7 {[%clk 1:31:38]} 4. c4
{[%clk 1:28:39]} a6 {[%clk 1:30:31]} 5. Bxd7+ {[%clk 1:28:53]} Nxd7
{[%clk 1:30:58]} 6. Nc3 {[%clk 1:28:42]} Ngf6 {[%clk 1:30:46]} 7. O-O
{[%clk 1:28:25]} e6 {[%clk 1:30:34]} 8. d4 {[%clk 1:25:53]} cxd4 {[%clk 1:30:07]}
9. Qxd4 {[%clk 1:26:17]} Be7 {[%clk 1:29:58]} 10. Bg5 {[%clk 1:26:42]} Qc7
{[%clk 1:30:03]} 11. Rac1 {[%clk 1:25:15]} h6 {[%clk 1:30:18]} 12. Bh4
{[%clk 1:25:16]} O-O {[%clk 1:29:54]} 13. Rfd1 {[%clk 1:25:38]} Rfc8
{[%clk 1:30:05]} 14. b3 {[%clk 1:17:54]} Qa5 {[%clk 1:29:51]} 15. Bg3
{[%clk 1:15:35]} Rc6 {[%clk 1:26:18]} 16. Qd2 {[%clk 1:08:04]} Kf8
{[%clk 1:22:17]} 17. Nd4 {[%clk 1:05:46]} Rc7 {[%clk 1:22:45]} 18. f4
{[%clk 0:53:39]} b5 {[%clk 0:36:10]} 19. cxb5 {[%clk 0:46:37]} axb5
{[%clk 0:26:32]} 20. Ndxb5 {[%clk 0:40:29]} Nxe4 {[%clk 0:26:50]} 21. Nxe4
{[%clk 0:40:45]} Rxc1 {[%clk 0:27:11]} 22. Rxc1 {[%clk 0:41:05]} Qxb5
{[%clk 0:27:27]} 23. f5 {[%clk 0:37:15]} d5 {[%clk 0:19:28]} 24. fxe6
{[%clk 0:35:10]} fxe6 {[%clk 0:19:37]} 25. Nf2 {[%clk 0:34:15]} Nf6
{[%clk 0:16:57]} 26. Qe3 {[%clk 0:26:46]} Rxa2 {[%clk 0:11:19]} 27. Qxe6
{[%clk 0:26:54]} Ra8 {[%clk 0:11:24]} 28. h3 {[%clk 0:23:58]} Qxb3
{[%clk 0:08:29]} 29. Kh2 {[%clk 0:24:08]} Re8 {[%clk 0:05:22]} 30. Rc7
{[%clk 0:23:10]} Qa3 {[%clk 0:03:49]} 31. Ng4 {[%clk 0:09:40]} Nxg4+
{[%clk 0:03:23]} 32. hxg4 {[%clk 0:10:02]} Qb4 {[%clk 0:02:58]} 33. Rc2
{[%clk 0:08:45]} Bc5 {[%clk 0:00:32]} 34. Qf5+ {[%clk 0:09:09]} Ke7
{[%clk 0:00:37]} 35. Re2+ {[%clk 0:07:46]}  1-0

[Event "Summer Prague Open 2022 - A"]
[Site "Olympik hotel, Sokolovska 138, Praha"]
[Date "2022.08.07"]
[Round "3"]
[Board "17"]
[White "Pap, Gyula"]
[Black "Kristiansen, Willy M"]
[Result "1/2-1/2"]
[WhiteElo "2481"]
[BlackElo "2121"]
[PlyCount "0"]
[EventDate "2022.08.05"]
[EventRounds "9"]
[EventCountry "CZE"]

1. e4 {[%clk 1:27:23]} e5 {[%clk 1:30:41]} 2. Nf3 {[%clk 1:27:11]} Nc6
{[%clk 1:30:58]} 3. Bb5 {[%clk 1:26:02]} Nf6 {[%clk 1:30:50]} 4. O-O
{[%clk 1:23:27]} Nxe4 {[%clk 1:30:58]} 5. d4 {[%clk 1:23:50]} Nd6
{[%clk 1:30:58]} 6. Bxc6 {[%clk 1:24:08]} dxc6 {[%clk 1:31:18]} 7. dxe5
{[%clk 1:24:32]} Nf5 {[%clk 1:31:36]} 8. Qxd8+ {[%clk 1:24:54]} Kxd8
{[%clk 1:31:59]} 9. Nc3 {[%clk 1:22:19]} Bd7 {[%clk 1:30:59]} 10. b3
{[%clk 1:14:30]} Kc8 {[%clk 1:26:02]} 11. Bb2 {[%clk 1:14:40]} Be7
{[%clk 1:25:34]} 12. h3 {[%clk 1:06:40]} b6 {[%clk 1:16:10]} 13. Rad1
{[%clk 0:58:57]} h5 {[%clk 1:09:40]} 14. Ne2 {[%clk 0:54:44]} Rd8
{[%clk 1:04:39]} 15. Nf4 {[%clk 0:52:28]} h4 {[%clk 1:00:24]} 16. e6
{[%clk 0:49:56]} Bxe6 {[%clk 0:59:28]} 17. Rxd8+ {[%clk 0:44:51]} Kxd8
{[%clk 0:58:32]} 18. Nxe6+ {[%clk 0:44:59]} fxe6 {[%clk 0:58:56]} 19. Re1
{[%clk 0:44:29]} a5 {[%clk 0:57:39]} 20. a4 {[%clk 0:31:50]} Kd7 {[%clk 0:55:33]}
21. Ne5+ {[%clk 0:30:18]} Ke8 {[%clk 0:55:20]} 22. Nxc6 {[%clk 0:29:54]} Bd6
{[%clk 0:50:49]} 23. Re4 {[%clk 0:28:32]} Kf7 {[%clk 0:41:42]} 24. Rc4
{[%clk 0:24:30]} Rc8 {[%clk 0:31:53]} 25. Be5 {[%clk 0:09:16]} g5
{[%clk 0:15:11]} 26. Bxd6 {[%clk 0:01:34]} Nxd6 {[%clk 0:15:12]} 27. Rc3
{[%clk 0:01:59]} Ne4 {[%clk 0:12:31]} 28. Rf3+ {[%clk 0:01:35]} Kg7
{[%clk 0:11:55]} 29. Re3 {[%clk 0:00:59]} Nc5 {[%clk 0:11:38]} 30. Kf1
{[%clk 0:01:00]} Rf8 {[%clk 0:10:25]} 31. Ke2 {[%clk 0:01:04]} Rf4
{[%clk 0:09:29]} 32. Ne5 {[%clk 0:00:41]} Kf6 {[%clk 0:08:01]} 33. Nd3
{[%clk 0:00:32]} Nxd3 {[%clk 0:07:30]} 34. Rxd3 {[%clk 0:00:55]} Ke7
{[%clk 0:02:14]} 35. Ke3 {[%clk 0:01:17]} Rf5 {[%clk 0:02:30]} 36. Rd4
{[%clk 0:01:23]} Rc5 {[%clk 0:02:09]} 37. Kd3 {[%clk 0:00:58]} Rf5
{[%clk 0:02:21]}  1/2-1/2

[Event "Summer Prague Open 2022 - A"]
[Site "Olympik hotel, Sokolovska 138, Praha"]
[Date "2022.08.07"]
[Round "3"]
[Board "18"]
[White "Schmaltz, Roland"]
[Black "Schroer, Marcel"]
[Result "1-0"]
[WhiteElo "2470"]
[BlackElo "2119"]
[PlyCount "0"]
[EventDate "2022.08.05"]
[EventRounds "9"]
[EventCountry "CZE"]

1. e4 {[%clk 1:11:07]} c6 {[%clk 1:30:34]} 2. d4 {[%clk 1:11:07]} d5
{[%clk 1:30:58]} 3. e5 {[%clk 1:11:33]} Bf5 {[%clk 1:31:05]} 4. Nd2
{[%clk 1:11:58]} e6 {[%clk 1:31:19]} 5. Nb3 {[%clk 1:12:23]} a6 {[%clk 1:31:32]}
6. Nf3 {[%clk 1:12:13]} c5 {[%clk 1:31:46]} 7. Be2 {[%clk 1:08:54]} Nc6
{[%clk 1:29:09]} 8. Nxc5 {[%clk 1:08:41]} Bxc5 {[%clk 1:29:34]} 9. dxc5
{[%clk 1:09:04]} Qa5+ {[%clk 1:29:55]} 10. c3 {[%clk 1:09:07]} Qxc5
{[%clk 1:30:20]} 11. Be3 {[%clk 1:08:41]} Qa5 {[%clk 1:28:40]} 12. Qb3
{[%clk 1:04:11]} Qc7 {[%clk 1:23:25]} 13. Bb6 {[%clk 1:02:33]} Qd7
{[%clk 1:15:56]} 14. Nd4 {[%clk 0:53:32]} Nge7 {[%clk 1:13:44]} 15. Nxf5
{[%clk 0:51:46]} Nxf5 {[%clk 1:14:08]} 16. f4 {[%clk 0:51:35]} h5
{[%clk 1:12:08]} 17. O-O-O {[%clk 0:49:26]} Rc8 {[%clk 1:07:31]} 18. Kb1
{[%clk 0:46:35]} g6 {[%clk 1:05:53]} 19. g3 {[%clk 0:44:37]} Kf8 {[%clk 1:01:56]}
20. Rhg1 {[%clk 0:42:54]} Kg7 {[%clk 0:57:06]} 21. h3 {[%clk 0:43:02]} Nfe7
{[%clk 0:47:37]} 22. Bd3 {[%clk 0:41:57]} Rcg8 {[%clk 0:45:00]} 23. c4
{[%clk 0:39:49]} Rc8 {[%clk 0:41:42]} 24. Qa3 {[%clk 0:34:42]} Qe8
{[%clk 0:39:32]} 25. b3 {[%clk 0:29:48]} a5 {[%clk 0:32:12]} 26. Bc5
{[%clk 0:30:03]} Qd8 {[%clk 0:21:30]} 27. g4 {[%clk 0:29:05]} hxg4
{[%clk 0:20:33]} 28. hxg4 {[%clk 0:29:30]} dxc4 {[%clk 0:16:31]} 29. Bxg6
{[%clk 0:29:34]} Qe8 {[%clk 0:15:28]} 30. Be4 {[%clk 0:29:41]} cxb3
{[%clk 0:15:31]} 31. f5 {[%clk 0:29:50]} bxa2+ {[%clk 0:15:04]} 32. Ka1
{[%clk 0:30:00]} Kg8 {[%clk 0:09:52]} 33. Rh1 {[%clk 0:30:02]} exf5
{[%clk 0:02:58]} 34. gxf5 {[%clk 0:30:12]} Rxh1 {[%clk 0:03:18]} 35. Rxh1
{[%clk 0:29:43]} Nxf5 {[%clk 0:03:03]} 36. Rg1+ {[%clk 0:29:31]} Ng7
{[%clk 0:03:26]} 37. Rxg7+ {[%clk 0:29:51]} Kxg7 {[%clk 0:03:38]} 38. Qg3+
{[%clk 0:30:16]}  1-0